| 000 | 00672nam a2200217Ia 4500 | ||
|---|---|---|---|
| 003 | GCL | ||
| 008 | 140319s9999 xx 000 0 ara d | ||
| 040 |
_aGCL / _cGCL |
||
| 082 | 0 | 4 |
_a658.8 _bا ق |
| 100 | 1 | _aمعتصم الفاضل الجلابى | |
| 245 | 1 | 0 |
_aالقوانين التسويقية الثابتة أثنان وعشرون قانونا / _cمعتصم الفاضل الجلابى |
| 700 | 1 | _aيوسف محمد القبلان | |
| 700 | 1 | _aال ريس | |
| 700 | 1 | _aجاك تروت | |
| 300 | _a195 | ||
| 490 |
_aكتاب _v0 |
||
| 650 | 0 | 4 | _aالقانون |
| 650 | 0 | 4 | _aالتسويق |
| 650 | 0 | 4 | _aالقانون التجارى |
| 942 |
_2ddc _cBK |
||
| 999 |
_c43152 _d43152 |
||